<?xml version="1.0" encoding="UTF-8"?>
<collection xmlns="http://www.loc.gov/MARC21/slim">
  <record>
    <leader>00000nam  2200000   4500</leader>
    <controlfield tag="001">INLIS000000000017287</controlfield>
    <controlfield tag="005">20240703025300</controlfield>
    <datafield tag="035" ind1="#" ind2="#">
      <subfield code="a">0010-0724000020</subfield>
    </datafield>
    <controlfield tag="007">ta</controlfield>
    <controlfield tag="008">240703################g##########0#ind##</controlfield>
    <datafield tag="020" ind1="#" ind2="#">
      <subfield code="a">978 979 655 812 2</subfield>
    </datafield>
    <datafield tag="082" ind1="#" ind2="#">
      <subfield code="a">353.598</subfield>
    </datafield>
    <datafield tag="084" ind1="#" ind2="#">
      <subfield code="a">353.598 MEN</subfield>
    </datafield>
    <datafield tag="245" ind1="#" ind2="#">
      <subfield code="a">Menuju Tata Indonesia Baru</subfield>
    </datafield>
    <datafield tag="250" ind1="#" ind2="#">
      <subfield code="a">Cetakan ke 1</subfield>
    </datafield>
    <datafield tag="260" ind1="#" ind2="#">
      <subfield code="a">Jakarta :</subfield>
      <subfield code="b">Gramedia Pustaka Utama,</subfield>
      <subfield code="c">2000</subfield>
    </datafield>
    <datafield tag="300" ind1="#" ind2="#">
      <subfield code="a">381 halaman :</subfield>
      <subfield code="b">ilus ;</subfield>
      <subfield code="c">20 cm</subfield>
    </datafield>
    <datafield tag="520" ind1="#" ind2="#">
      <subfield code="a">Setelah mahasiswa berhasil memaksa Presiden Soeharto turun tahta dengan cucuran keringat dan darah, ternyata permasalah yang membayangi negeri ini tidak juga terselesaikan. Bahkan kalau dulu cuma bayangan, sekarang menjadi realitas yang amat gamblang dan menyakitkan: sengketa politik, tingkat pengangguran, kemiskinan, penderitaan, kekerasan, kebrutalan semakin mencolok. Masyarakat Indonesia di segala pelosok menjadi resah, bahkan yang dulunya sangat stabil dan tenang kini terus rusuh, bergejolak, bertikai, memberontak, dan ingin memisahkan diri.</subfield>
    </datafield>
    <datafield tag="990" ind1="#" ind2="#">
      <subfield code="a">04118854</subfield>
    </datafield>
    <datafield tag="990" ind1="#" ind2="#">
      <subfield code="a">04118855</subfield>
    </datafield>
  </record>
</collection>
